<?xml version="1.0" encoding="UTF-8"?>
<collection xmlns="http://www.loc.gov/MARC21/slim">
 <record>
  <leader>02130nam a2200205Ia 4500</leader>
  <controlfield tag="001">CTU_208287</controlfield>
  <controlfield tag="008">210402s9999    xx            000 0 und d</controlfield>
  <datafield tag="082" ind1=" " ind2=" ">
   <subfield code="a">448.34</subfield>
  </datafield>
  <datafield tag="082" ind1=" " ind2=" ">
   <subfield code="b">H832</subfield>
  </datafield>
  <datafield tag="245" ind1=" " ind2="0">
   <subfield code="a">Hôtellerie-Restauration.Com :</subfield>
  </datafield>
  <datafield tag="245" ind1=" " ind2="0">
   <subfield code="b">Franciais professionnel</subfield>
  </datafield>
  <datafield tag="245" ind1=" " ind2="0">
   <subfield code="c">Sophie Corbeau ... [et al.]</subfield>
  </datafield>
  <datafield tag="260" ind1=" " ind2=" ">
   <subfield code="a">Paris</subfield>
  </datafield>
  <datafield tag="260" ind1=" " ind2=" ">
   <subfield code="b">CLE International</subfield>
  </datafield>
  <datafield tag="260" ind1=" " ind2=" ">
   <subfield code="c">2012</subfield>
  </datafield>
  <datafield tag="520" ind1=" " ind2=" ">
   <subfield code="a">Hôtellerie-Restauration.com constitue une première étape dans la préparation du Certificat de français du tourisme et de l'hôtellerie de la CCIP. Six unités thématiques: Unité1: Bienvenue à l'hôtel de la Paix; Unité 2: Réservation; Unité 3: Accueil; Unité 4: Services; Unité 5: Réclamations; Unité 6: Départ. Une unité constitue 6 leçons à l'exception de l'unité 1 qui présente l'établissement Hôtelier et de l'unité 6 qui traite le thème du départ en 4 leçons. Au début de chaque leçon l'apprenant est invité à repérer des éléments linguistiques à partir de documents professionnels sonores ou écrits. L'ouvrage attache une grande importance à la compréhension orale. A la fin de chaque unité, un scénario professionnel met l'accent sur les erreurs commises par un stagiaire pour mieux souligner les savoir-faire et les savoir-être de base exigés par la profession. A la fin de l'ouvrage, on trouve un précis grammatical et des exercices d'application, un récapitulatif des expressions de la correspondance hôtelière, un tableau de conjugaison, un lexique des termes spécifiques et la transcription des enregistrements. Des tests de contrôle apparaissent à la fin de chaque unité et évaluent les connaissances grammaticales et les compétences professionnelles développées dans l'unité. La rubrique Pour aller plus loin! clôture chaque unité en fournissant un complément d'information professionnelle et un thème de réflexion.</subfield>
  </datafield>
  <datafield tag="650" ind1=" " ind2=" ">
   <subfield code="a">French language,Tiếng Pháp</subfield>
  </datafield>
  <datafield tag="650" ind1=" " ind2=" ">
   <subfield code="x">Study and teaching,Dạy và học</subfield>
  </datafield>
  <datafield tag="904" ind1=" " ind2=" ">
   <subfield code="i">Hải</subfield>
  </datafield>
  <datafield tag="980" ind1=" " ind2=" ">
   <subfield code="a">Trung tâm Học liệu Trường Đại học Cần Thơ</subfield>
  </datafield>
 </record>
</collection>
